000
00212nam a22000857a 4500
008
161202b xxu||||| |||| 00| 0 eng d
100
_9
1769
_a
Nehemiah. A
245
_a
The Run away wheel
260
_a
New delhi
_b
CBT
_c
2011
999
_c
4477
_d
4477